000 00325nam a22001337a 4500
008 190223b xxu||||| |||| 00| 0 eng d
020 _a9780669388138
041 _aeng
080 _a371
100 _a25
101 _aEDU
245 _aWriters Inc. A Student Handbook for Writing & Learning
_cSebranek, P
942 _2udc
_cBK
999 _c54157
_d54157